000 00304nam a22001337a 4500
008 180911b xxu||||| |||| 00| 0 eng d
020 _a0830690506
041 _aeng
080 _a621
100 _a26
101 _aMEK
245 _aAutomotive Air Conditioning Handbook
_cTraister, J
942 _2udc
_cBK
999 _c47684
_d47684